|
|
|
|
| LEADER |
00000cam a2200000 a 4500 |
| 001 |
vtls009517205 |
| 003 |
SK-MaSNL |
| 005 |
20260301130009.0 |
| 008 |
240315s2009 xr a f 001 0 cze |
| 020 |
|
|
|a 9788073675684
|q (brož.)
|
| 040 |
|
|
|a SNK
|b slo
|c SNK
|e AACR2
|
| 041 |
0 |
|
|a cze
|
| 044 |
|
|
|a xr
|c CZ
|
| 072 |
|
7 |
|a 159.98
|x Aplikovaná psychológia
|2 konspekt
|
| 080 |
|
|
|a 159.9:613
|2 2001
|
| 080 |
|
|
|a 613.86
|2 2001
|
| 080 |
|
|
|a (035)
|2 2001
|
| 100 |
1 |
|
|a Křivohlavý, Jaro,
|d 1925-2014
|4 aut
|9 179331
|
| 245 |
1 |
0 |
|a Psychologie zdraví
|c Jaro Křivohlavý
|
| 250 |
|
|
|a Vyd. 3.
|
| 260 |
|
|
|a Praha
|b Portál
|c 2009
|
| 300 |
|
|
|a 279 s.
|b ilustr.
|c 23 cm
|
| 500 |
|
|
|a Anglicko-český terminologický slovník
|
| 504 |
|
|
|a Obsahuje bibliogr. a reg.
|
| 650 |
0 |
7 |
|a psychológia zdravia
|2 SNKPH
|9 69288
|
| 650 |
0 |
7 |
|a psychohygiena
|2 SNKPH
|9 2574
|
| 650 |
0 |
7 |
|a Health psychology
|2 SNKPHeng
|9 318481
|
| 650 |
0 |
7 |
|a Mental hygiene
|2 SNKPHeng
|9 274768
|
| 655 |
|
7 |
|a príručky
|2 SNKPH
|9 74364
|
| 655 |
|
7 |
|a Handbooks, manuals, etc.
|2 SNKPHeng
|9 90964
|
| 919 |
|
|
|a 978-80-7367-568-4
|
| 999 |
|
|
|c 744113
|d 746043
|
| 952 |
|
|
|t snkKRI 159.98
|a SNKUST
|b SNKUST
|y PREZ
|7 0
|p 17A0665437
|o snkIC 138868
|i snk2010/15215
|8 4
|g 11.50
|0 0
|1 0
|4 0
|d 2009-12-02
|l 0
|r 2025-03-19 00:00:00
|w 2026-02-23
|